000 00332nab a22001097u 4500
008 130520b2010 xxu||||| |||| 00| 0 spa d
041 _aspa
100 1 _aGebara, Ivone
_95375
245 0 0 _aRevisando el concepto de naturaleza humana
_cIvone Gebara
773 0 _tConcilium
_gnº336,2010,págs. 163-170
_x0210-1041
_wRev134
942 _cAR
999 _c413644
_d413644